00997 2200325 4500001002100000005001500021035002000036007000300056008004100059020002200100082001000122084001600132100002100148245016200169250001500331260003700346300003200383500005600415650002100471700001900492700001800511700002000529700001800549700001700567700002100584504003300605990001100638990001100649990001100660INLIS00000000000376920190718030300 a0010-0719000187ta190718 g 0 ind  a978-602-8512-22-0 a371.1 a371.1 MAH m0 aMAHMUD, Khalifah1 aMenjadi Guru yang Dirindu /cMahmud Khalifah, Usamah Quthub; penerjemah, Muhtadi Kadi, Kusrin Karyadi; penyunting, Erlina Zachi, Endang Rina, Budiman Mustofa aed. revisi aSurakarta :bZiyad Books,c[s.a] a216 hlm. :bilus. ;c21 cm. aJudul asli : Kaifa Tashbaha Mu'Alliman Mutamayyizan 4aPENDIDIKAN. GURU0 aUSAMAH, Quthub0 aMUHTADI, Kadi0 aKUSRIN, Karyadi0 aERLINA, Zachi0 aENDANG, Rina0 aBUDIMAN, Mustofa aBibliografi : hlm. 213 - 216 a5495 a a5495 b a5495 c